Library of the University of Algiers 3
Ibrahim Sultan Cheibout
شعار جامعة الجزائر 3
مكتبة جامعة الجزائر 3
إبراهيم سلطان شيبوط

مفاهيم ونظم اقتصادية : (رقم التسجيلة. 45535)

تفاصيل مارك
000 -LEADER
fixed length control field 01609nam a2200241Ia 4500
003 - CONTROL NUMBER IDENTIFIER
control field Ost
005 - DATE AND TIME OF LATEST TRANSACTION
control field 20260507075648.0
008 - FIXED-LENGTH DATA ELEMENTS--GENERAL INFORMATION
fixed length control field 260507s9999||||xx |||||||||||||| ||und||
020 ## - INTERNATIONAL STANDARD BOOK NUMBER
International Standard Book Number 1475119957
040 ## - CATALOGING SOURCE
Transcribing agency fsecg
041 ## - LANGUAGE CODE
Language code of text/sound track or separate title ara
082 ## - DEWEY DECIMAL CLASSIFICATION NUMBER
Classification number 330.1543
100 ## - MAIN ENTRY--PERSONAL NAME
Personal name عبد الرحمن، اسماعيل
Relator term مؤلف
245 #0 - TITLE STATEMENT
Title مفاهيم ونظم اقتصادية :
Remainder of title التحليل الإقتصادي الكلي والجزئي /
Statement of responsibility, etc. اسماعيل عبد الرحمن
260 ## - PUBLICATION, DISTRIBUTION, ETC.
Place of publication, distribution, etc. عمان:
Name of publisher, distributor, etc. دار وائل للنشر والتوزيع,
Date of publication, distribution, etc. 2004
300 ## - PHYSICAL DESCRIPTION
Extent 563 صفحة؛
Other physical details إيضاحات ؛
Dimensions 24 سم
520 ## - SUMMARY, ETC.
Summary, etc. مفاهيم أساسية في علم الإقتصاد- حسابات الدخل القومي- نظرية الإستهلاك- تخطيط الإستثمار- نظرية الإدخار- البطالة- التضخم- السياسة المالية- النقود والمصارف- التجارة الخارجية- التنمية الإقتصادية والنمو الإقتصادي- التخطيط الإقتصادي- نظريات القيمة- نظريات الطلب- نظرية العرض- توازن الطلب والعرض- نظرية سلوك المستهلك- نظرية الإنتاج- نظرية تكاليف الإنتاج- نظرية التوزيع- نظرية الاسواق- توازن المنتج في حالات الاسواق المختلفة.
653 ## - INDEX TERM--UNCONTROLLED
Uncontrolled term الإقتصاد الجزئي
653 ## - INDEX TERM--UNCONTROLLED
Uncontrolled term الإقتصاد الكلي
653 ## - INDEX TERM--UNCONTROLLED
Uncontrolled term النظم اقتصادية
700 ## - ADDED ENTRY--PERSONAL NAME
Personal name عريقات، حربي محمد
Relator term مؤلف ثانوي
942 ## - ADDED ENTRY ELEMENTS (KOHA)
Koha item type كتب
المقتنيات
Withdrawn status Lost status Source of classification or shelving scheme Damaged status Not for loan Home library Current library Date acquired Serial enumeration / chronology Inventory number Total checkouts Full call number Barcode Date last seen Price effective from Koha item type
    Library of Congress Classification   NOT LOAN / إعارة داخلية مكتبة كلية العلوم الإقتصادية والعلوم التجارية وعلوم التسيير مكتبة كلية العلوم الإقتصادية والعلوم التجارية وعلوم التسيير 07/05/2026 الطابق الأرضي 1665/1   أ/1665ن1 1665/1 07/05/2026 07/05/2026 كتب
    Dewey Decimal Classification   Available مكتبة كلية العلوم الإقتصادية والعلوم التجارية وعلوم التسيير مكتبة كلية العلوم الإقتصادية والعلوم التجارية وعلوم التسيير 07/05/2026 الطابق الأرضي 1665/2   أ/1665ن2 1665/2 07/05/2026 07/05/2026 كتب
    Dewey Decimal Classification   Available مكتبة كلية العلوم الإقتصادية والعلوم التجارية وعلوم التسيير مكتبة كلية العلوم الإقتصادية والعلوم التجارية وعلوم التسيير 07/05/2026 الطابق الثاني 1665/3   أ/1665ن3 1665/3 07/05/2026 07/05/2026 كتب
    Dewey Decimal Classification   Available مكتبة كلية العلوم الإقتصادية والعلوم التجارية وعلوم التسيير مكتبة كلية العلوم الإقتصادية والعلوم التجارية وعلوم التسيير 07/05/2026 الطابق الثاني 1665/4   أ/1665ن4 1665/4 07/05/2026 07/05/2026 كتب

موارد الويب المفتوحة


© University of Algiers 3 All Rights Reserved
|
Implemented by LECHELAH Riad